Statistics for U.S. Cities with the Biggest Population Change in the Last 100 Years

Click here to take the quiz!

General Stats

  • This quiz has been taken 453 times
  • The average score is 15 of 20

Answer Stats

Pop 1920Pop 2015ChangeU.S. City% Correct
577,0003,972,000+3,395,000Los Angeles
98%
5,620,0008,550,000+2,930,000New York City
98%
993,000677,000-316,000Detroit
94%
138,0002,296,000+2,158,000Houston
92%
159,0001,300,000+1,141,000Dallas
91%
29,0001,563,000+1,534,000Phoenix
86%
75,0001,395,000+1,320,000San Diego
86%
161,0001,470,000+1,309,000San Antonio
85%
1,824,0001,567,000-257,000Philadelphia
83%
35,000932,000+897,000Austin
80%
797,000388,000-409,000Cleveland
80%
40,0001,027,000+987,000San Jose
76%
588,000304,000-284,000Pittsburgh
75%
773,000316,000-457,000St. Louis
75%
401,000299,000-102,000Cincinnati
72%
734,000622,000-122,000Baltimore
71%
507,000258,000-249,000Buffalo
62%
46,000827,000+781,000Charlotte
59%
296,000210,000-86,000Rochester
44%
415,000282,000-133,000Newark
38%

Score Distribution

Percentile by Number Answered

Percent of People with Each Score

Your Score History

You have not taken this quiz